00517nam a2200145Ia 4500008004100000041000800041082001500049100002200064245005700086260003100143300000800174500001000182999001700192952016200209220803s9999 xx 000 0 und d aeng a720.47 DUN aDunlap J F927219 aThermal Environmental Conditions For Human Occupancy aAmericabAshrae Pub.c2017 a60p aENVIR c17293d17293 001040738Book of M Arch EAaBNCAbBNCAd2020-06-10eKiran Printersg770.00o720.47 DUNpBNCA-BK-11439r2022-08-03 00:00:00v610.00w2020-03-11yBKzB11439